01575nam a2200277 a 450000100100000000500170001000800410002704000250006808200160009310000540010924501030016326000340026630000300030049000200033050000570035059000260040770000520043371000850048583000270057095201280059795201280072595201280085395201140098195201850109599900170128000002629420250502073819.0110310s1986 dr c r 000 0 spa d aDO-SdBNPbspacBNPHU axxxxbR696t1 aRodríguez y Rodríguez, Alberto,d1929-95332010aEn torno a Gastón /cAlberto Rodríguez y Rodríguez; prólogo José Rafael García Pascal. aSanto Domingo :bONAP,c1986. a95 p. :bretrs. ;c21 cm.1 aFeria del libro aIncluye datos biográficos del autor en las solapas aInventariado, 2019/BT1 aGarcía Pascal, José Rafael,epról.9533211 aRepública Dominicana.bOficina Nacional de Administración y Personal 926398 0aFeria del libro953322 001054708DSaGRbGRcHDd2011-05-03iLF1l0oxxxx R696tp26294-30r2020-06-25te.3w2020-06-25yLFDSZPréstamo en sala 001054708DSaGRbGRcHDd2011-05-03iLF1l0oxxxx R696tp26294-40r2020-06-25te.4w2020-06-25yLFDSZPréstamo en sala 001054708DSaGRbGRcHDd2011-05-03iLF1l0oxxxx R696tp26294-50r2020-06-25te.5w2020-06-25yLFDSZPréstamo en sala 0010718PDaPDbPDcHDd2011-03-10iLF1l0oxxxx R696tp26294-10r2020-06-25w2020-06-25yLFPDZNo se presta 0010718PDaPDbPDcHDd2011-03-10iLF1l0oxxxx R696tp26294-20r2020-06-25te.2w2020-06-25yLFPDzPerteneció a la biblioteca personal de la familia Reyes Duluc.ZNo se presta c25786d25786